000 00299nam a2200121Ia 4500
008 190216s9999||||xx |||||||||||||| ||und||
100 _aDr.Ravindra Saini
245 0 _aBusiness Environment
260 _bGlobal Vision Pub Delhi
_c2010
300 _a736
650 _aBusiness Environment
942 _cBK
999 _c7895
_d7895